00400nam a2200121Ia 4500008004100000082001800041100002600059245004900085260003800134365000800172630004900180730004900229100415s9999 xx 000 0 und d b17968a591.51 aGadagkar Raghavendra aCooperation and Conflict in Animal Societies c0bCENTRE FOR ECOLOGICAL SCIENCES b120 aCooperation and Conflict in Animal Societies aCooperation and Conflict in Animal Societies